000 00714nam a2200205 i 4500
001 7460
003 ES-MaACL
005 20230906145235.0
007 t|
008 910121s1986 sp ||||1| spa d
020 _a84-505-3751-7
080 _a332.1(46)"17"
100 1 _aTortella Casares, Teresa.
_9111080
245 1 0 _aIndice de los primitivos accionistas del Banco Nacional de San Carlos /
_cTeresa Tortella Casares.
260 _aMadrid :
_bArchivo Historico del Banco de España,
_cD.L. 1986.
300 _a417 p., [7] h. de lam. ;
_c26 cm.
610 2 _aBanco de San Carlos (España)
_92113
710 1 _aBanco de España.
_bArchivo Histórico.
_92107
852 _aES-MaACL
_jL-14709
_bR.115289
_z. - rust.
999 _c7460
_d7460